Svitá pomalý fox

Bibliographic Details
Main Author: Hrebenár, Robert (Author)
Format: Book
Language:English
PhysicalDescription:[2 s.]
Published: Bratislava Dusíkovo nakladateľstvo 1947

MARC

LEADER 00000nam a2200000 a 4500
001 vtls010274430
003 SK-MaSNL
005 20260301031717.0
008 240315 xo 000 0 eng
040 |a SNK  |b slo  |c SNK  |e AACR2 
044 |a xo  |c SK 
100 1 |a Hrebenár, Robert  |4 aut  |9 327667 
245 1 |a Svitá  |h hudobnina  |b pomalý fox  |c Robert Hrebenár 
260 |a Bratislava  |b Dusíkovo nakladateľstvo  |c 1947 
300 |a [2 s.] 
999 |c 577182  |d 579112 
952 |a SNK  |b SNK  |y PREZ  |7 0  |p 17A0692627  |o snkHD 348 D1  |i snkI. 4907/47  |3 rekatalogizácia  |0 0  |1 0  |4 0  |d 2011-04-28  |l 0  |r 2026-02-23 14:37:33  |w 2026-02-23